000 00768nam a2200229 u 4500
005 20230418063523.0
008 150320s2007 mx r 000 0 spa d
020 _a9789702917694
035 _aUPN01000202697
049 _aCG
050 4 _aHQ796
_bA2.6
245 0 0 _aAbordando el tren de la vida :
_bprimera estación /
_cGreta Papadimitriou Cámara ... [et al.] ; il. Alejandro Magallanes.
260 _aMéxico :
_bSantillana,
_cc2007.
300 _a120 p. :
_bil. col.
440 0 _aDivulgacion.
_v1.
_pSantillana
650 0 _aAdolescentes
_xConducta de vida
_91767
650 4 _aRELACIONES INTERPERSONALES EN LA ADOLESCENCIA
_910514
650 2 _aPubertad
_914834
700 1 _aPapadimitriou Cámara, Greta,
_ecoaut.
905 _aLibro
999 _c174798
_d174798